Normal view MARC view
  • Caravelli

Entry Personal Name

Number of records used in: 1

001 - CONTROL NUMBER

  • control field: 8505

003 - CONTROL NUMBER IDENTIFIER

  • control field: IT-RoPau

005 - DATE AND TIME OF LATEST TRANSACTION

  • control field: 20140109150113.0

008 - FIXED-LENGTH DATA ELEMENTS

  • fixed length control field: 140109|| aca||aabn | a|a d

040 ## - CATALOGING SOURCE

  • Original cataloging agency: IT-RoPau
  • Transcribing agency: IT-RoPau

100 ## - HEADING--PERSONAL NAME

  • Personal name: Caravelli
  • Relator term: inteprete
  • Miscellaneous information: Codice Interprete SPICS: 7929

670 ## - SOURCE DATA FOUND

  • Source citation: Work cat.: (IT-RoPau)98986: AA.VV. 794, Romantico blues
CREDITS: SOCIETA' SAN PAOLO Via A.Severo, 58 - ROMA (RM) & PERIODICI SAN PAOLO SRL Via Giotto, 36 MILANO & CISF Via Giotto, 36 MILANO & EDIZIONI SAN PAOLO SRL,  Piazza Soncino, 5 CINISELLO BALSAMO (MI) -- ITALY